000 00398nam a22001697a 4500
005 20180618103627.0
008 160526b xxu||||| |||| 00| 0 eng d
020 _a81-259-0778-5
041 _aeng
082 _b5249
_a657.45
100 _aBhatia, R.C.
_9400
245 _aAuditing
260 _aNew Delhi
_bAcademic Faundation
_c2004
300 _a506
650 _aManagement
_9241
942 _cBK
999 _c1838
_d1837